[Event "ESP-ch U18 Rapid"]
[Site "Salobrena"]
[Date "2022.08.07"]
[Round "7"]
[White "Gonzalez Guedes, Iyan"]
[Black "Sanleon Pravisano, Nieves"]
[Result "1-0"]
[WhiteElo "2031"]
[BlackElo "1679"]
[PlyCount "81"]
[EventDate "2022.08.06"]
[EventType "swiss (rapid)"]
[EventRounds "9"]
[EventCountry "ESP"]
[SourceTitle "EXT 2023"]
[Source "ChessBase"]
[SourceDate "2022.10.05"]
[SourceVersion "1"]
[SourceVersionDate "2022.10.05"]
[SourceQuality "1"]

1. e4 e5 2. Nf3 Nc6 3. Bc4 Bc5 4. 0-0 d6 5. c3 Nf6 6. Re1 0-0 7. h3 a6 8. d3 Be6 9. Nbd2 Ba7 10. b4 Re8 11. Bb3 d5 12. Ng5 Qd6 13. Nxe6 fxe6 14. a4 b5 15. Nf1 d4 16. axb5 axb5 17. c4 bxc4 18. Bxc4 Nxb4 19. Bg5 c5 20. f4 Bb6 21. Rxa8 Rxa8 22. f5 Qe7 23. Ng3 g6 24. Rf1 Rf8 25. Bxe6+ Kh8 26. Bc4 Bd8 27. Qd2 Qd6 28. fxg6 hxg6 29. Bxf6+ Kh7 30. Bxd8 Rxf1+ 31. Nxf1 Qxd8 32. Nh2 Nc6 33. Ng4 Qh4 34. Qf2 Qe7 35. Qf7+ Qxf7 36. Bxf7 Kg7 37. Bc4 Kf8 38. Bd5 Nb4 39. Nxe5 Kg7 40. Bc4 Kf6 41. Nd7+ 1-0

[Event "ESP-ch U18"]
[Site "Salobrena"]
[Date "2022.08.04"]
[Round "6"]
[White "Cesar Maestre, Bernardo"]
[Black "Gonzalez Guedes, Iyan"]
[Result "1-0"]
[WhiteElo "2343"]
[BlackElo "2250"]
[PlyCount "77"]
[EventDate "2022.08.01"]
[EventType "swiss"]
[EventRounds "9"]
[EventCountry "ESP"]
[SourceTitle "EXT 2023"]
[Source "ChessBase"]
[SourceDate "2022.10.05"]
[SourceVersion "1"]
[SourceVersionDate "2022.10.05"]
[SourceQuality "1"]

1. e4 c5 2. Nf3 d6 3. d4 cxd4 4. Nxd4 Nf6 5. Nc3 Nc6 6. Bg5 e6 7. Qd3 a6 8. Nxc6 bxc6 9. 0-0-0 Qa5 10. Bxf6 gxf6 11. f4 Rb8 12. Be2 Be7 13. Rhf1 e5 14. f5 Bb7 15. Rf3 Rd8 16. Qe3 d5 17. Qa7 Rd7 18. exd5 Bd8 19. dxc6 Rxd1+ 20. Nxd1 Bxc6 21. Rc3 Bd7 22. Bc4 Qb6 23. Bxf7+ Ke7 24. Qxb6 Bxb6 25. Be6 Bxe6 26. fxe6 Rg8 27. g3 Bg1 28. Rc7+ Kxe6 29. Rxh7 Rd8 30. Rh4 Kf5 31. c4 Rd3 32. Kc2 Rf3 33. Kd2 Bd4 34. Rxd4 exd4 35. Ke2 Ke4 36. Nf2+ Rxf2+ 37. Kxf2 Kd3 38. c5 Kc2 39. c6 1-0

[Event "ESP-ch U18"]
[Site "Salobrena"]
[Date "2022.08.03"]
[Round "4"]
[White "Moll Gener, Joan"]
[Black "Gonzalez Guedes, Iyan"]
[Result "0-1"]
[WhiteElo "2034"]
[BlackElo "2250"]
[PlyCount "126"]
[EventDate "2022.08.01"]
[EventType "swiss"]
[EventRounds "9"]
[EventCountry "ESP"]
[SourceTitle "EXT 2023"]
[Source "ChessBase"]
[SourceDate "2022.10.05"]
[SourceVersion "1"]
[SourceVersionDate "2022.10.05"]
[SourceQuality "1"]

1. e4 c5 2. Nf3 Nc6 3. Bb5 g6 4. 0-0 Bg7 5. Re1 e5 6. Bxc6 dxc6 7. d3 Ne7 8. a4 0-0 9. Na3 h6 10. c3 Qc7 11. Be3 b6 12. Qc1 Kh7 13. d4 cxd4 14. cxd4 exd4 15. Bxd4 Bxd4 16. Nxd4 Ba6 17. Qc3 Rad8 18. Rad1 Qe5 19. g3 c5 20. Ndb5 Nc6 21. Nc4 Qe6 22. Rd6 Rxd6 23. Ncxd6 Nd4 24. Nxd4 Qxd6 25. Nb5 Bxb5 26. axb5 Rd8 27. b3 Kg8 28. Qf3 Qd3 29. Qf6 Qd6 30. e5 Qxf6 31. exf6 g5 32. Re7 Rd3 33. Re3 Rd4 34. Re8+ Kh7 35. Re7 Kg6 36. Rxa7 Rb4 37. Ra3 Kxf6 38. Kg2 Rxb5 39. Kf3 Kf5 40. h3 h5 41. Ke3 Rb4 42. f3 h4 43. g4+ Ke5 44. Kf2 Kd4 45. Ra7 f6 46. Rf7 Ke5 47. Re7+ Kd6 48. Re3 c4 49. bxc4 Rxc4 50. Rd3+ Kc5 51. Ke3 b5 52. Rd8 b4 53. Rf8 b3 54. Kd3 Rf4 55. Rc8+ Kb4 56. Rb8+ Ka3 57. Ra8+ Ra4 58. Rb8 Rf4 59. Ra8+ Kb2 60. Ke3 Kc3 61. Ke2 b2 62. Rb8 Rb4 63. Rc8+ Kb3 0-1

[Event "ESP-ch U18"]
[Site "Salobrena"]
[Date "2021.07.31"]
[Round "9"]
[White "Badillo Ramos, Michael Steve"]
[Black "Gonzalez Guedes, Iyan"]
[Result "0-1"]
[WhiteElo "2044"]
[BlackElo "2291"]
[PlyCount "90"]
[EventDate "2021.07.26"]
[EventType "swiss"]
[EventRounds "9"]
[EventCountry "ESP"]
[SourceTitle "CBM 203 Extra"]
[Source "ChessBase"]
[SourceDate "2021.09.30"]
[SourceVersion "1"]
[SourceVersionDate "2021.09.30"]
[SourceQuality "1"]

1. e4 g6 2. d4 Bg7 3. Nc3 d5 4. exd5 Nf6 5. Nf3 0-0 6. Be2 Nbd7 7. 0-0 Nb6 8. b3 Nbxd5 9. Nxd5 Nxd5 10. Qd2 Bg4 11. Bb2 c6 12. h3 Bxf3 13. Bxf3 e6 14. Rad1 Qb6 15. c4 Ne7 16. Ba3 Rfe8 17. Bxe7 Rxe7 18. d5 Rd7 19. Qc2 cxd5 20. cxd5 e5 21. g4 Bf8 22. Qe4 Qf6 23. Rd3 Bd6 24. Be2 Qh4 25. Qg2 Rc7 26. Re3 Kh8 27. Re4 h6 28. Qg3 Qd8 29. Kh1 f6 30. Bc4 Qg8 31. Rfe1 a6 32. Qh4 Kg7 33. a4 Qf7 34. a5 Rac8 35. Qg3 Rc5 36. Qc3 Qc7 37. Qd2 Rxa5 38. f4 Rc5 39. g5 hxg5 40. fxe5 Bxe5 41. Rxe5 fxe5 42. Qxg5 Re8 43. Re4 Qd6 44. Qd2 b5 45. Be2 Qxd5 0-1

[Event "ESP-ch U18"]
[Site "Salobrena"]
[Date "2021.07.30"]
[Round "7"]
[White "Gonzalez Guedes, Iyan"]
[Black "Cuellar Montes, Alejandro"]
[Result "1-0"]
[WhiteElo "2291"]
[BlackElo "2087"]
[PlyCount "141"]
[EventDate "2021.07.26"]
[EventType "swiss"]
[EventRounds "9"]
[EventCountry "ESP"]
[SourceTitle "CBM 203 Extra"]
[Source "ChessBase"]
[SourceDate "2021.09.30"]
[SourceVersion "1"]
[SourceVersionDate "2021.09.30"]
[SourceQuality "1"]

1. e4 e5 2. a3 Nf6 3. Nc3 Nc6 4. Nf3 d5 5. Bb5 Nxe4 6. Qe2 Nxc3 7. Qxe5+ Qe7 8. dxc3 Bd7 9. Qxe7+ Bxe7 10. Bf4 0-0-0 11. h3 Ne5 12. Be2 Nxf3+ 13. Bxf3 Bf5 14. 0-0-0 c6 15. Rhe1 Rhe8 16. Re5 Be6 17. Re2 Bd6 18. Be3 Kb8 19. Kb1 Bc7 20. Rde1 b6 21. Bg5 Rd7 22. c4 h6 23. cxd5 cxd5 24. Bc1 Red8 25. Rd1 Bf5 26. Rd4 Be6 27. Be3 Be5 28. Rd1 Bc7 29. Red2 Be5 30. Bd4 Bf4 31. Rd3 Bf5 32. Rb3 Rc8 33. Rc3 g6 34. Rxc8+ Kxc8 35. g3 Bc7 36. g4 Be4 37. Bh1 Bxh1 38. Rxh1 Re7 39. Be3 g5 40. Rd1 Re5 41. Rd2 Kb7 42. Bd4 Re1+ 43. Ka2 Kc6 44. Rd3 Be5 45. Bxe5 Rxe5 46. Rf3 a5 47. Rxf7 Re6 48. Kb3 Kc5 49. Kc3 Re4 50. Rf6 h5 51. f3 Re1 52. b4+ axb4+ 53. axb4+ Kb5 54. Rf5 hxg4 55. hxg4 Kc6 56. Kd2 Rf1 57. Ke2 Rc1 58. Rxg5 Rxc2+ 59. Kd3 Rc4 60. Rg6+ Kb5 61. Rd6 Rxb4 62. Rxd5+ Kc6 63. Rd4 Rb1 64. Ke4 b5 65. g5 Kc5 66. Rd8 b4 67. g6 b3 68. g7 b2 69. g8Q Re1+ 70. Kf4 b1Q 71. Qd5+ 1-0

[Event "ESP-ch U18"]
[Site "Salobrena"]
[Date "2021.07.28"]
[Round "4"]
[White "Lorente Serrano, Rosa Adela"]
[Black "Gonzalez Guedes, Iyan"]
[Result "0-1"]
[WhiteElo "2022"]
[BlackElo "2291"]
[PlyCount "104"]
[EventDate "2021.07.26"]
[EventType "swiss"]
[EventRounds "9"]
[EventCountry "ESP"]
[SourceTitle "CBM 203 Extra"]
[Source "ChessBase"]
[SourceDate "2021.09.30"]
[SourceVersion "1"]
[SourceVersionDate "2021.09.30"]
[SourceQuality "1"]

1. Nf3 c5 2. c4 Nc6 3. Nc3 e5 4. e3 f5 5. d4 e4 6. d5 Nce7 7. Nh4 d6 8. g3 Nf6 9. Be2 g6 10. 0-0 Bg7 11. Ng2 0-0 12. h4 h6 13. Rb1 Nd7 14. Na4 Ne5 15. b4 cxb4 16. Rxb4 b6 17. Bb2 g5 18. Bd4 N7g6 19. h5 Ne7 20. Nc3 Kh7 21. a4 Bd7 22. a5 bxa5 23. Rb7 Bc8 24. Rb1 Ba6 25. Nb5 Nc8 26. g4 Ne7 27. gxf5 Bc8 28. c5 dxc5 29. Bxe5 Bxe5 30. d6 Nc6 31. Qd5 Bd7 32. Nc7 Rb8 33. Bb5 Rxb5 34. Nxb5 Qe8 35. f4 exf3 36. Rxf3 Kh8 37. Nc7 Qxh5 38. Ne6 Bxe6 39. Qxe6 Qxf3 40. Qxh6+ Kg8 41. Qg6+ Bg7 42. Rb7 Qd1+ 43. Kh2 Qa1 44. e4 Qf6 45. Qh5 Qxd6+ 46. Kg1 Ne5 47. Rxa7 c4 48. Ne3 Qb6 49. Rxg7+ Kxg7 50. Qxg5+ Kh7 51. Qe7+ Rf7 52. Qh4+ Qh6 0-1

[Event "Trevis San Miguel op 26th"]
[Site "Trevis"]
[Date "2020.09.19"]
[Round "1.1"]
[White "Gonzalez Guedes, Iyan"]
[Black "Aguera Naredo, Javier"]
[Result "1-0"]
[WhiteElo "2251"]
[BlackElo "2330"]
[PlyCount "77"]
[EventDate "2020.09.19"]
[EventType "swiss"]
[EventRounds "3"]
[EventCountry "ESP"]
[SourceTitle "EXT 2024"]
[Source "ChessBase"]
[SourceDate "2023.10.10"]
[SourceVersion "1"]
[SourceVersionDate "2023.10.10"]
[SourceQuality "1"]

1. d4 Nf6 2. Nf3 d5 3. e3 Bg4 4. h3 Bxf3 5. gxf3 Nbd7 6. c4 e5 7. cxd5 exd4 8. Qxd4 Bc5 9. Qd1 Qe7 10. Bg2 0-0-0 11. Nc3 Nb6 12. f4 c6 13. 0-0 Nfxd5 14. Nxd5 Nxd5 15. Qc2 Kb8 16. e4 Nb4 17. Qe2 Nd3 18. Be3 Qh4 19. Qf3 Bxe3 20. fxe3 Nxb2 21. Qe2 Nd3 22. Rab1 Rd7 23. Qc2 Qg3 24. Qxc6 Qxe3+ 25. Kh1 Rc7 26. Qd6 Nf2+ 27. Kh2 Nxe4 28. Qe5 f5 29. Rxb7+ Kxb7 30. Rb1+ Kc8 31. Qxf5+ Rd7 32. Bxe4 Re8 33. Bg2 Qe6 34. Qc5+ Rc7 35. Qb5 Qe2 36. Qf5+ Qe6 37. Qb5 Qe2 38. Qf5+ Kd8 39. Rb5 1-0

[Event "Benidorm op U2300 18th"]
[Site "Benidorm"]
[Date "2019.12.02"]
[Round "4"]
[White "Gonzalez Guedes, Iyan"]
[Black "Lopez Orois, Jose Manuel"]
[Result "1-0"]
[WhiteElo "2146"]
[BlackElo "2021"]
[PlyCount "69"]
[EventDate "2019.11.29"]
[EventType "swiss"]
[EventRounds "10"]
[EventCountry "ESP"]
[SourceTitle "EXT 2022"]
[Source "ChessBase"]
[SourceDate "2021.10.06"]
[SourceVersion "1"]
[SourceVersionDate "2021.10.06"]
[SourceQuality "1"]

1. e4 e6 2. d4 d5 3. e5 c5 4. c3 Ne7 5. Nf3 Nec6 6. Bd3 b6 7. a3 a5 8. 0-0 Ba6 9. Be3 Bxd3 10. Qxd3 c4 11. Qc2 Be7 12. a4 0-0 13. b3 cxb3 14. Qxb3 Nd7 15. Nfd2 f6 16. f4 g5 17. f5 fxe5 18. fxe6 Rxf1+ 19. Nxf1 Nf8 20. dxe5 Nxe5 21. Nbd2 Nxe6 22. Re1 Bc5 23. Qc2 Qf6 24. Nb3 Rf8 25. Nxc5 bxc5 26. Qf2 Nf4 27. Rd1 Ned3 28. Qf3 c4 29. Bd4 Qe6 30. Ne3 g4 31. Nxg4 h5 32. Ne3 Kh7 33. Rb1 Qe4 34. Rb7+ Kg6 35. Qg3+ 1-0

[Event "Pontevedra op 7th"]
[Site "Pontevedra"]
[Date "2019.08.12"]
[Round "6"]
[White "Maquieira Vidal, Alvaro"]
[Black "Gonzalez Guedes, Iyan"]
[Result "1/2-1/2"]
[WhiteElo "1969"]
[BlackElo "2115"]
[PlyCount "59"]
[EventDate "2019.08.08"]
[EventType "swiss"]
[EventRounds "9"]
[EventCountry "ESP"]
[SourceTitle "EXT 2020"]
[Source "ChessBase"]
[SourceDate "2019.10.17"]
[SourceVersion "1"]
[SourceVersionDate "2019.10.17"]
[SourceQuality "1"]

1. e4 c5 2. Nf3 d6 3. d4 cxd4 4. Nxd4 Nf6 5. Nc3 a6 6. a4 e5 7. Nf3 h6 8. Bc4 Be7 9. 0-0 0-0 10. Qe2 Nc6 11. h3 Be6 12. Rd1 Rc8 13. Nd5 Bxd5 14. Bxd5 Nxd5 15. Rxd5 Nb4 16. Rd2 Qc7 17. c3 Nc6 18. Rd5 f5 19. exf5 Rxf5 20. Be3 Rcf8 21. a5 Kh8 22. Bb6 Qc8 23. Kh2 Qe6 24. Rad1 e4 25. Rxf5 Qxf5 26. Nd4 Qe5+ 27. Kg1 d5 28. Nxc6 bxc6 29. Bd4 Qf4 30. Be3 1/2-1/2